Blade of Grass - Lady Gaga - Statistics

General Stats
  • This quiz has been taken 32 times
  • The average score is 271 of 310
Answer Stats
Answer % Correct
a
100%
blade
100%
grass
100%
i
100%
of
100%
and
96%
around
96%
come
96%
finger
96%
like
96%
my
96%
on
96%
that
96%
be
92%
in
92%
it
92%
last
92%
love
92%
make
92%
no
92%
the
92%
this
92%
wrap
92%
you
92%
cast
88%
church
88%
down
88%
even
88%
field
88%
i'll
88%
lonely
88%
me
88%
said
88%
so
88%
though
88%
with
88%
without
88%
your
88%
been
85%
brand
85%
crown
85%
garden
85%
i've
85%
lovers
85%
new
85%
queen
85%
we'll
85%
burned
81%
die
81%
hold
81%
how
81%
made
81%
man
81%
shield
81%
until
81%
woman
81%
cause
77%
i'm
77%
thorns
77%
air
73%
breathing
73%
does
73%
enough
73%
forever's
73%
from
73%
kiss
73%
not
73%
battle
69%
illusions
69%
i'ts
69%
it's
69%
both
65%
give
65%
is
65%
ring
65%
same
65%
shelter
65%
something
65%
thing
65%
sing
62%
song
62%
diamond
58%
yeah
58%
memories
54%
storm
54%
traces
54%
eyes
50%
words
50%
fall
46%
fightin'
46%
into
46%
torn
46%
mourn
31%
lawn
23%
No matching quizzes found
Score Distribution
Percent of People with Each Score
Percentile by Number Answered
Your Score History
You have not taken this quiz